[Event "POR-ch U10"]
[Site "Armacao de Pera"]
[Date "2001.04.07"]
[Round "1.4"]
[White "Neves, Paulo"]
[Black "Ferreira, Rui Antonio Goncalv"]
[Result "0-1"]
[WhiteElo "1160"]
[BlackElo "1266"]
[PlyCount "76"]
[EventDate "2001.04.07"]
[EventType "swiss"]
[EventRounds "7"]
[EventCountry "POR"]
[SourceTitle "EXT 2002"]
[Source "ChessBase"]
[SourceDate "2001.11.25"]
[SourceVersion "1"]
[SourceVersionDate "2001.11.25"]
[SourceQuality "1"]

1. e4 c5 2. Bc4 Nc6 3. Nf3 e6 4. Nc3 d6 5. Bb5 a6 6. Bxc6+ bxc6 7. e5 d5 8. d3 g6 9. Bg5 Ne7 10. Bf6 Rg8 11. Ng5 d4 12. Bxe7 Bxe7 13. Nce4 Bxg5 14. Nd6+ Kf8 15. Qf3 f5 16. exf6 Qxf6 17. Qxc6 Qe5+ 18. Qe4 Qxd6 19. Qxa8 Qe5+ 20. Kf1 Kg7 21. Qf3 Rf8 22. Re1 Qd6 23. Qe4 Bd2 24. Re2 Bc1 25. Qe5+ Qxe5 26. Rxe5 Be3 27. Ke1 Rxf2 28. Rxc5 Bd7 29. Rc7 Rf7 30. Rf1 Bd2+ 31. Ke2 Re7 32. Kxd2 e5 33. h3 Kh6 34. Rf6 Kg5 35. Rxa6 Rf7 36. Ke1 Kf4 37. Raa7 Ke3 38. Kd1 Rf1# 0-1